Office rents at lowest rate for a decade (Record no. 73104)
[ view plain ]
| 000 -LEADER | |
|---|---|
| fixed length control field | 01103cam a2200229 4500 |
| 001 - CONTROL NUMBER | |
| control field | WB3928-02 |
| 008 - FIXED-LENGTH DATA ELEMENTS--GENERAL INFORMATION | |
| fixed length control field | 030724n2003 000 0 eng u |
| 035 ## - SYSTEM CONTROL NUMBER | |
| System control number | (Sirsi) u123114 |
| 245 ## - TITLE STATEMENT | |
| Title | Office rents at lowest rate for a decade |
| 260 ## - PUBLICATION, DISTRIBUTION, ETC. | |
| Date of publication, distribution, etc. | 2003 |
| 490 ## - SERIES STATEMENT | |
| Series statement | Estates Gazette |
| Volume/sequential designation | (0329) 19 July 2003, 33(1) |
| 520 ## - SUMMARY, ETC. | |
| Summary, etc. | Office rents fell at their fastest rate for ten years in the second quarter of 2003, dropping by 7.5% over the quarter, according to the latest Jones Lang LaSalle (JLL) UK property index figures. Annual returns for the same quarter, at 3.3%, were also at their lowest level for 10 years, claims JLL. However, the report predicted that office rental growth would improve in 2005, although with regional variations. http://www.joneslanglasalle.co.uk |
| 590 ## - LOCAL NOTE (RLIN) | |
| Local note | WB |
| 650 ## - SUBJECT ADDED ENTRY--TOPICAL TERM | |
| Topical term or geographic name entry element | OFFICE RENTS |
| 650 ## - SUBJECT ADDED ENTRY--TOPICAL TERM | |
| Topical term or geographic name entry element | JONES LANG LASALLE |
| 650 ## - SUBJECT ADDED ENTRY--TOPICAL TERM | |
| Topical term or geographic name entry element | RESEARCH REPORTS |
| 650 ## - SUBJECT ADDED ENTRY--TOPICAL TERM | |
| Topical term or geographic name entry element | INDEXES |
| 650 ## - SUBJECT ADDED ENTRY--TOPICAL TERM | |
| Topical term or geographic name entry element | PROPERTY-COMMERCIAL PROPERTY-OFFICE PROPERTY-OFFICE PROPERTY MARKET |
| 650 ## - SUBJECT ADDED ENTRY--TOPICAL TERM | |
| Topical term or geographic name entry element | DOWNTURN |
| 690 ## - LOCAL SUBJECT ADDED ENTRY--TOPICAL TERM (OCLC, RLIN) | |
| Topical term or geographic name as entry element | PROPERTY-COMMERCIAL PROPERTY-COMMERCIAL PROPERTY MARKET |
| 942 ## - ADDED ENTRY ELEMENTS (KOHA) | |
| Suppress in OPAC | 0 |
| Withdrawn status | Lost status | Source of classification or shelving scheme | Damaged status | Not for loan | Home library | Current library | Shelving location | Date acquired | Total Checkouts | Full call number | Barcode | Date last seen | Copy number | Price effective from | Koha item type |
|---|---|---|---|---|---|---|---|---|---|---|---|---|---|---|---|
| Dewey Decimal Classification | London | London | News article | 24/07/2003 | WB3928-02 | 123114-1001 | 06/08/2019 | 1 | 06/08/2019 | News article |